| 000 | 01006cam a22003255a 4500 | ||
|---|---|---|---|
| 001 | 015371792 | ||
| 003 | OSt | ||
| 005 | 20160926153030.0 | ||
| 008 | 090911t2007 nyu fr 001 0 eng d | ||
| 015 |
_aGBA991507 _2bnb |
||
| 016 | 7 |
_a015371792 _2Uk |
|
| 020 | _a9780071635288 (pbk.) | ||
| 020 | _a0071635289 (pbk.) | ||
| 040 |
_aStDuBDS _beng _cStDuBDS _dEG-ScBUE |
||
| 082 | 0 | 4 |
_a621.3076 _bGUS _222 |
| 100 | 1 |
_aGussow, Milton. _941247 |
|
| 245 | 1 | 0 |
_aBasic electricity / _cMilton Gussow. |
| 246 | 3 | 3 | _aSchaum’s outline of basic electricity |
| 250 | _a2nd ed. | ||
| 260 |
_aNew York : _bMcGraw-Hill, _cc.2007. |
||
| 300 |
_ax, 561 p. : _bill. ; _c28 cm. |
||
| 490 | 0 | _a Schaum’s outline series | |
| 500 | _aIndex : p. 553-561. | ||
| 500 | _aUse with these courses : Electric Circuits - Operation of electric circuits. | ||
| 650 | 0 |
_aElectricity _vProblems, exercises, etc _2BUEsh |
|
| 651 | _2BUEsh | ||
| 653 |
_bENGELC _cSeptember2016 |
||
| 655 |
_vReading book _934232 |
||
| 942 | _2ddc | ||
| 999 |
_c22414 _d22386 |
||